Viet Nam three cities sanitation project, Da Nang sub-project:Additional works project
Bewaard in:
| Coauteur: | |
|---|---|
| Formaat: | Boek |
| Taal: | Undetermined |
| Gepubliceerd in: |
Washington DC
The World Bank
2003
|
| Onderwerpen: | |
| Tags: |
Voeg label toe
Geen labels, Wees de eerste die dit record labelt!
|
| Thư viện lưu trữ: | Trung tâm Học liệu Trường Đại học Cần Thơ |
|---|
| LEADER | 00571nam a2200193Ia 4500 | ||
|---|---|---|---|
| 001 | CTU_62675 | ||
| 008 | 210402s9999 xx 000 0 und d | ||
| 082 | |a 363.7 | ||
| 082 | |b W927v/Vol.3 | ||
| 110 | |a The World Bank | ||
| 245 | 0 | |a Viet Nam three cities sanitation project, Da Nang sub-project:Additional works project | |
| 245 | 4 | |c The World Bank | |
| 260 | |a Washington DC | ||
| 260 | |b The World Bank | ||
| 260 | |c 2003 | ||
| 650 | |a urban planning | ||
| 650 | |x environmental aspects | ||
| 904 | |i Minh | ||
| 980 | |a Trung tâm Học liệu Trường Đại học Cần Thơ | ||